00803nab a2200229 uc450000100070000000500170000700800410002403500110006503500210007604000130009704100080011010000450011824500850016365000240024865000270027265000620029965000370036165000360039877301100043494200100054499900190055468118820240520090758.0010814s2001 spa  a681188 a(OCoLC)819912781 ccomduadb aspa10aAcosta Silva, Adrián4auteaut933331310aPoder, politicas y cambio institucional en la educacion superior latinoamericana 7aPoder2embne920654 7aPolítica2lemb92085 aEducación superior - América Latina y el Caribe92353 7aReforma universitaria2lemb9672 aParadigmas (Educación)9312300 tUniversidades (México)gVolumen 51, Número 021, Enero-Junio 2001, p. 51-57w252489x0041-89350101350 cARIMP c206580d206580